000 00534nam a2200181 a 4500
005 20140412111228.0
008 020415s19uu xx 00 eng d
020 _a971-08-3550-5
050 _aTR(PS E
_bSc8 1983
100 _aRaabe, Janis Asad
245 _aScat, cat! /
_cby Janis Asad Raabe; illustrated by Emil Ian.
260 _aPhilippines :
_bNational Bookstore Inc,
_c1983.
300 _a8 p. ; ill.
440 _aPhonics Practice Readers, Series A, bk. 5
500 _as - blends
650 _aReading
999 _c102101
_d102101